| 000 -LEADER |
| fixed length control field |
00817nam a22002897a 4500 |
| 003 - CONTROL NUMBER IDENTIFIER |
| control field |
OSt |
| 005 - DATE AND TIME OF LATEST TRANSACTION |
| control field |
20230502125744.0 |
| 008 - FIXED-LENGTH DATA ELEMENTS--GENERAL INFORMATION |
| fixed length control field |
230502b ||||| |||| 00| 0 eng d |
| 020 ## - INTERNATIONAL STANDARD BOOK NUMBER |
| International Standard Book Number |
9789865546038 |
| 040 ## - CATALOGING SOURCE |
| Transcribing agency |
KH8 |
| 082 ## - DEWEY DECIMAL CLASSIFICATION NUMBER |
| Classification number |
495 YEH |
| 100 ## - MAIN ENTRY--PERSONAL NAME |
| Personal name |
Yeh, Shao-Ping, |
| Relator term |
author. |
| 245 ## - TITLE STATEMENT |
| Title |
Amazing Chinese 3 : |
| Remainder of title |
Textbook/ |
| Statement of responsibility, etc. |
Shao-Ping Yeh. |
| 260 ## - PUBLICATION, DISTRIBUTION, ETC. |
| Place of publication, distribution, etc. |
Taiwan : |
| Name of publisher, distributor, etc. |
Kang Hsuan Educational Publishing Corp., |
| Date of publication, distribution, etc. |
2020. |
| 300 ## - PHYSICAL DESCRIPTION |
| Extent |
171 pages : |
| Other physical details |
illustrations. |
| 490 ## - SERIES STATEMENT |
| Series statement |
Amazing Chinese |
| Volume/sequential designation |
3 |
| 500 ## - GENERAL NOTE |
| General note |
Amazing Chinese |
| 500 ## - GENERAL NOTE |
| General note |
lesson learning |
| 500 ## - GENERAL NOTE |
| General note |
teaching materials |
| 700 ## - ADDED ENTRY--PERSONAL NAME |
| Personal name |
Chen, Lifen |
| Relator term |
author |
| 700 ## - ADDED ENTRY--PERSONAL NAME |
| Personal name |
Dawei, Wei |
| Relator term |
author |
| 700 ## - ADDED ENTRY--PERSONAL NAME |
| Personal name |
Tam, Hugo Wing-Yu |
| Relator term |
author |
| 700 ## - ADDED ENTRY--PERSONAL NAME |
| Personal name |
Tu, Jessy |
| Relator term |
author |
| 700 ## - ADDED ENTRY--PERSONAL NAME |
| Personal name |
Kai, Luk |
| Relator term |
author |
| 700 ## - ADDED ENTRY--PERSONAL NAME |
| Personal name |
Lin, Yu |
| Relator term |
author |
| 942 ## - ADDED ENTRY ELEMENTS (KOHA) |
| Source of classification or shelving scheme |
|
| Koha item type |
Teaching Resources |